Closest NBA Teams to Mexico Quiz Stats

 Plays Quiz Updated Apr 13, 2018

Challenge
Share
Tweet
Embed
Score 0/16 Timer 03:00
2 Plays Today
Distance (miles) Team % Correct
132 ???
88.1%
123 ???
87.8%
284 ???
85.7%
123 ???
83.9%
337 ???
83.2%
116 ???
78.7%
461 ???
69.4%
454 ???
68.6%
Distance (miles) Team % Correct
512 ???
67.9%
485 ???
63%
557 ???
58.9%
577 ???
57.8%
510 ???
52.3%
591 ???
44.5%
750 ???
34.5%
Mine???
27.2%

You're not logged in!

Compare scores with friends on all Sporcle quizzes.
OR
Log In

You Might Also Like...

Show Comments

Extras

Top Quizzes Today


Score Distribution

Your Account Isn't Verified!

In order to create a playlist on Sporcle, you need to verify the email address you used during registration. Go to your Sporcle Settings to finish the process.

Report this User

Report this user for behavior that violates our Community Guidelines.

Details: